Statistics for US Presidents - No Hints

Click here to take the quiz!

General Stats

  • This quiz has been taken 127 times
  • The average score is 39 of 44

Answer Stats

TermPresident% Correct
1993-2001Bill Clinton
100%
1861-1865Abraham Lincoln
99%
1933-1945Franklin D. Roosevelt
99%
1789-1797George Washington
99%
1901-1909Theodore Roosevelt
99%
1989-1993George H.W. Bush
98%
2001-2009George W. Bush
98%
1797-1801John Adams
98%
1825-1829John Quincy Adams
98%
1981-1989Ronald Reagan
98%
2009-2017Barack Obama
97%
1969-1974Richard Nixon
95%
1801-1809Thomas Jefferson
95%
1865-1869Andrew Johnson
94%
1961-1963John F. Kennedy
94%
1963-1969Lyndon B. Johnson
94%
1974-1977Gerald R. Ford
92%
1897-1901William McKinley
92%
1953-1961Dwight D. Eisenhower
91%
1945-1953Harry Truman
91%
1869-1877Ulysses S. Grant
91%
1829-1837Andrew Jackson
89%
1929-1933Herbert Hoover
89%
1977-1981Jimmy Carter
89%
1909-1913William Taft
88%
2017-Donald Trump
87%
1845-1849James K. Polk
87%
1923-1929Calvin Coolidge
86%
1913-1921Woodrow Wilson
86%
1889-1893Benjamin Harrison
85%
1809-1817James Madison
85%
1841William Henry Harrison
85%
1817-1825James Monroe
84%
1837-1841Martin Van Buren
84%
1885-1889, 1893-189Grover Cleveland
83%
1881James Garfield
83%
1841-1845John Tyler
82%
1849-1850Zachary Taylor
81%
1857-1861James Buchanan
80%
1881-1885Chester A. Arthur
79%
1921-1923Warren Harding
79%
1850-1853Millard Fillmore
77%
1877-1881Rutherford B. Hayes
77%
1853-1857Franklin Pierce
76%

Score Distribution

Percentile by Number Answered

Percent of People with Each Score

Your Score History

You have not taken this quiz